<?xml version="1.0" encoding="UTF-8"?>
<record
    xmlns:xsi="http://www.w3.org/2001/XMLSchema-instance"
    xsi:schemaLocation="http://www.loc.gov/MARC21/slim http://www.loc.gov/standards/marcxml/schema/MARC21slim.xsd"
    xmlns="http://www.loc.gov/MARC21/slim">

  <leader>02337nam1a2200337 i 4500</leader>
  <controlfield tag="001">RU\NLR\BIBL_A\012250130</controlfield>
  <controlfield tag="005">20260405072854.0</controlfield>
  <datafield tag="035" ind1=" " ind2=" ">
    <subfield code="a">(RuMoRGB)010234063</subfield>
  </datafield>
  <datafield tag="035" ind1=" " ind2=" ">
    <subfield code="a">(NLR Aleph) 012250130</subfield>
  </datafield>
  <datafield tag="090" ind1=" " ind2=" ">
    <subfield code="a">11077543</subfield>
    <subfield code="c">11077543</subfield>
  </datafield>
  <datafield tag="100" ind1=" " ind2=" ">
    <subfield code="a">20200228g2019    k  y0rusy50      ca</subfield>
  </datafield>
  <datafield tag="101" ind1="0" ind2=" ">
    <subfield code="a">rus</subfield>
  </datafield>
  <datafield tag="102" ind1=" " ind2=" ">
    <subfield code="a">RU</subfield>
  </datafield>
  <datafield tag="105" ind1=" " ind2=" ">
    <subfield code="a">||||z||||||||</subfield>
  </datafield>
  <datafield tag="181" ind1=" " ind2="0">
    <subfield code="a">i</subfield>
    <subfield code="b">axxe</subfield>
  </datafield>
  <datafield tag="182" ind1=" " ind2="0">
    <subfield code="a">n</subfield>
  </datafield>
  <datafield tag="200" ind1="1" ind2=" ">
    <subfield code="a">&#x422;&#x430;&#x43A;&#x441;&#x43E;&#x43D;&#x43E;&#x43C;&#x438;&#x447;&#x435;&#x441;&#x43A;&#x430;&#x44F; &#x438; &#x431;&#x438;&#x43E;&#x433;&#x435;&#x43E;&#x433;&#x440;&#x430;&#x444;&#x438;&#x447;&#x435;&#x441;&#x43A;&#x430;&#x44F; &#x445;&#x430;&#x440;&#x430;&#x43A;&#x442;&#x435;&#x440;&#x438;&#x441;&#x442;&#x438;&#x43A;&#x430; &#x444;&#x43B;&#x43E;&#x440;&#x44B; &#x417;&#x430;&#x43F;&#x430;&#x434;&#x43D;&#x43E;&#x433;&#x43E; &#x41F;&#x440;&#x435;&#x434;&#x43A;&#x430;&#x432;&#x43A;&#x430;&#x437;&#x44C;&#x44F; &#x438; &#x417;&#x430;&#x43F;&#x430;&#x434;&#x43D;&#x43E;&#x433;&#x43E; &#x41A;&#x430;&#x432;&#x43A;&#x430;&#x437;&#x430;: Phylum Magnoliophyta: Classis Liliopsida</subfield>
    <subfield code="d">Taxonomic and biogeographic characteristics of the flora of the Western Ciscaucasus and Western Caucasus: Phylum Magnoliophyta: Classis Liliopsida</subfield>
    <subfield code="e">[&#x43C;&#x43E;&#x43D;&#x43E;&#x433;&#x440;&#x430;&#x444;&#x438;&#x44F;]</subfield>
    <subfield code="f">&#x421;.&#x410;. &#x41B;&#x438;&#x442;&#x432;&#x438;&#x43D;&#x441;&#x43A;&#x430;&#x44F;</subfield>
    <subfield code="z">eng</subfield>
  </datafield>
  <datafield tag="203" ind1=" " ind2=" ">
    <subfield code="a">&#x422;&#x435;&#x43A;&#x441;&#x442;</subfield>
    <subfield code="b">&#x432;&#x438;&#x437;&#x443;&#x430;&#x43B;&#x44C;&#x43D;&#x44B;&#x439;</subfield>
    <subfield code="c">&#x43D;&#x435;&#x43F;&#x43E;&#x441;&#x440;&#x435;&#x434;&#x441;&#x442;&#x432;&#x435;&#x43D;&#x43D;&#x44B;&#x439;</subfield>
  </datafield>
  <datafield tag="210" ind1=" " ind2=" ">
    <subfield code="a">&#x41C;&#x43E;&#x441;&#x43A;&#x432;&#x430;</subfield>
    <subfield code="c">[&#x431;. &#x438;.]</subfield>
    <subfield code="d">2019</subfield>
  </datafield>
  <datafield tag="215" ind1=" " ind2=" ">
    <subfield code="d">31</subfield>
  </datafield>
  <datafield tag="300" ind1=" " ind2=" ">
    <subfield code="a">&#x41D;&#x430; 4-&#x439; &#x441;. &#x43E;&#x431;&#x43B;. &#x430;&#x432;&#x442;.: &#x421;.&#x410;. &#x41B;&#x438;&#x442;&#x432;&#x438;&#x43D;&#x441;&#x43A;&#x430;&#x44F; - &#x434;-&#x440; &#x431;&#x438;&#x43E;&#x43B;. &#x43D;&#x430;&#x443;&#x43A;, &#x43F;&#x440;&#x43E;&#x444;., &#x417;&#x430;&#x441;&#x43B;. &#x440;&#x430;&#x431;&#x43E;&#x442;&#x43D;&#x438;&#x43A; &#x432;&#x44B;&#x441;&#x448;. &#x448;&#x43A;. &#x420;&#x43E;&#x441;. &#x424;&#x435;&#x434;&#x435;&#x440;&#x430;&#x446;&#x438;&#x438;, &#x447;&#x43B;.-&#x43A;&#x43E;&#x440;. &#x420;&#x410;&#x415;&#x41D; &#x438; &#x420;&#x43E;&#x441;. &#x42D;&#x43A;&#x43E;&#x43B;. &#x430;&#x43A;&#x430;&#x434;., &#x417;&#x430;&#x441;&#x43B;. &#x44D;&#x43A;&#x43E;&#x43B;&#x43E;&#x433; &#x41A;&#x443;&#x431;&#x430;&#x43D;&#x438;, &#x43D;&#x435;&#x43E;&#x434;&#x43D;&#x43E;&#x43A;&#x440;&#x430;&#x442;. &#x43B;&#x430;&#x443;&#x440;&#x435;&#x430;&#x442; &#x43F;&#x440;&#x435;&#x43C;&#x438;&#x438; &#x410;&#x434;&#x43C;&#x438;&#x43D;&#x438;&#x441;&#x442;&#x440;&#x430;&#x446;&#x438;&#x438; &#x41A;&#x440;&#x430;&#x441;&#x43D;&#x43E;&#x434;&#x430;&#x440;. &#x43A;&#x440;&#x430;&#x44F; &#x432; &#x43E;&#x431;&#x43B;. &#x43E;&#x431;&#x440;&#x430;&#x437;&#x43E;&#x432;&#x430;&#x43D;&#x438;&#x44F;, &#x43D;&#x430;&#x443;&#x43A;&#x438; &#x438; &#x43A;&#x443;&#x43B;&#x44C;&#x442;&#x443;&#x440;&#x44B;</subfield>
  </datafield>
  <datafield tag="510" ind1="1" ind2=" ">
    <subfield code="6">z11790</subfield>
    <subfield code="a">Taxonomic and biogeographic characteristics of the flora of the Western Ciscaucasus and Western Caucasus: Phylum Magnoliophyta: Classis Liliopsida</subfield>
    <subfield code="z">eng</subfield>
  </datafield>
  <datafield tag="606" ind1="1" ind2=" ">
    <subfield code="a">&#x41E;&#x434;&#x43D;&#x43E;&#x434;&#x43E;&#x43B;&#x44C;&#x43D;&#x44B;&#x435;</subfield>
    <subfield code="y">&#x41A;&#x430;&#x432;&#x43A;&#x430;&#x437; &#x417;&#x430;&#x43F;&#x430;&#x434;&#x43D;&#x44B;&#x439;</subfield>
    <subfield code="9">2441365</subfield>
    <subfield code="3">RU\NLR\AUTH\6601670185</subfield>
  </datafield>
  <datafield tag="606" ind1="1" ind2=" ">
    <subfield code="a">&#x41E;&#x434;&#x43D;&#x43E;&#x434;&#x43E;&#x43B;&#x44C;&#x43D;&#x44B;&#x435;</subfield>
    <subfield code="y">&#x41F;&#x440;&#x435;&#x434;&#x43A;&#x430;&#x432;&#x43A;&#x430;&#x437;&#x44C;&#x435;</subfield>
    <subfield code="9">2441369</subfield>
    <subfield code="3">RU\NLR\AUTH\6601670186</subfield>
  </datafield>
  <datafield tag="686" ind1="1" ind2=" ">
    <subfield code="a">&#x415;592.71(2&#x420;37)</subfield>
  </datafield>
  <datafield tag="700" ind1=" " ind2="1">
    <subfield code="8">rus</subfield>
    <subfield code="7">ca</subfield>
    <subfield code="a">&#x41B;&#x438;&#x442;&#x432;&#x438;&#x43D;&#x441;&#x43A;&#x430;&#x44F;</subfield>
    <subfield code="b">&#x421;. &#x410;.</subfield>
    <subfield code="g">&#x421;&#x432;&#x435;&#x442;&#x43B;&#x430;&#x43D;&#x430; &#x410;&#x43D;&#x430;&#x442;&#x43E;&#x43B;&#x44C;&#x435;&#x432;&#x43D;&#x430;</subfield>
    <subfield code="3">RU\NLR\AUTH\7725303</subfield>
    <subfield code="9">8352</subfield>
  </datafield>
  <datafield tag="790" ind1=" " ind2="1">
    <subfield code="8">rus</subfield>
    <subfield code="7">ba</subfield>
    <subfield code="a">Litvinskaja</subfield>
    <subfield code="b">S. A.</subfield>
    <subfield code="g">Svetlana Anatol'evna</subfield>
    <subfield code="3">RU\NLR\AUTH\7725305</subfield>
    <subfield code="9">8354</subfield>
  </datafield>
  <datafield tag="852" ind1=" " ind2=" ">
    <subfield code="a">NLR</subfield>
    <subfield code="j">2020-9/75</subfield>
  </datafield>
  <datafield tag="942" ind1=" " ind2=" ">
    <subfield code="c">BOOK</subfield>
  </datafield>
</record>
